Về các tổng tư lệnh, tư lệnh chiến trường Nhật-Pháp trong cuộc chiến tranh xâm lược Việt Nam

保存先:
書誌詳細
第一著者: Nguyễn Phương Nam
フォーマット: 図書
言語:Vietnamese
出版事項: H. Chính trị quốc gia 2016
版:Tái bản có sửa chữa, bổ sung
主題:
タグ: タグ追加
タグなし, このレコードへの初めてのタグを付けませんか!
Thư viện lưu trữ: Mạng thư viện Đại học Đà Nẵng
LEADER 01327nam a2200349 4500
001 000025295
003 21788
005 20170915100954.0
008 170915s2016 viesd
020 |a 9786045714768  |c 135000đ 
041 0 |a vie 
082 1 4 |a 959.7041  |b NG-N 
100 1 |a Nguyễn Phương Nam 
245 1 0 |a Về các tổng tư lệnh, tư lệnh chiến trường Nhật-Pháp trong cuộc chiến tranh xâm lược Việt Nam  |c Nguyễn Phương Nam 
250 |a Tái bản có sửa chữa, bổ sung 
260 |a H.  |b Chính trị quốc gia  |c 2016 
300 |a 490 tr.  |c 24 cm. 
650 0 4 |a Lịch sử hiện đại  |x Tư lệnh  |y 1945-1954  |z Việt Nam 
650 0 4 |a Chiến tranh Việt Nam  |x Tư lệnh  |y 1945-1954  |z Nhật-Pháp 
653 |a Chiến trường Nhật-Pháp 
653 |a Tư lệnh 
653 |a Lịch sử Việt Nam 
OWN |a LSP 
AVA |a UDN50  |b LSP  |d 959.7041 NG-N  |e available  |t Error 5001 Not defined in file expand_doc_bib_avail.  |f 2  |g 0  |h N  |i 0  |k 1 
999 |a From the UDN01 
AVA |a UDN50  |b LSP  |d 959.7041 NG-N  |e available  |t Error 5001 Not defined in file expand_doc_bib_avail.  |f 2  |g 0  |h N  |i 0  |k 1 
TYP |a Monograph 
TYP |a Printed language 
980 |a Mạng thư viện Đại học Đà Nẵng